Datamation for Managers of Information Technology Worldwide
Gespeichert in:
| Format: | Schriftenreihe |
|---|---|
| Sprache: | Englisch |
| Veröffentlicht: |
Newton
Cahners Publ. Co.
|
| Schlagworte: | |
| Tags: |
Keine Tags, Fügen Sie das erste Tag hinzu!
|
MARC
| LEADER | 00000nas1a22000001 4500 | ||
|---|---|---|---|
| 001 | s120621 | ||
| 005 | 20230525121422.7 | ||
| 022 | |a 0011-6963 | ||
| 041 | 0 | |a eng | |
| 044 | |a US | ||
| 245 | 1 | 0 | |a Datamation |b for Managers of Information Technology Worldwide |
| 264 | 1 | |a Newton |b Cahners Publ. Co. | |
| 610 | 2 | 0 | |a systémy počítačové |
| 610 | 2 | 0 | |a technológie komunikačné |
| 610 | 2 | 0 | |a spracovanie dát |